000 00396nam a2200169Ia 4500
005 20250423100952.0
008 250422s9999 xx 000 0 und d
020 _a9782491241
050 _aPR 9387.9 .S64 .S66/
100 _aṢofọla, ’Zulú
245 0 _aSong of a maiden
260 _bUniversity press ltd
260 _c2009
300 _a52 p
650 _aLiterature
942 _cBK
999 _c34892
_d34892